Sobre la evaluación de las universidades-lecciones del caso argentino /
Na minha lista:
| Autor principal: | |
|---|---|
| Formato: | Artigo |
| Idioma: | Spanish |
| Publicado em: |
San José, Costa Rica :
Editorial Universidad de Costa Rica,
2002
|
| Assuntos: | |
| Tags: |
Adicionar Tag
Sem tags, seja o primeiro a adicionar uma tag!
|
MARC
| LEADER | 00000nab a22000007a 4500 | ||
|---|---|---|---|
| 005 | 20160328160807.0 | ||
| 008 | 150813b2002 cr f|||| |||| 00| 0 spa d | ||
| 090 | |a REVIS 06.02.01 | ||
| 100 | 1 | |9 850 |a Follari, Roberto | |
| 245 | 1 | 0 | |a Sobre la evaluación de las universidades-lecciones del caso argentino / |c Roberto Follari |
| 260 | |a San José, Costa Rica : |b Editorial Universidad de Costa Rica, |c 2002 | ||
| 300 | |a páginas 73-94 | ||
| 650 | 1 | 4 | |9 1 |a EDUCACIÓN |
| 773 | 0 | |d San José, Costa Rica : Editorial de la Universidad de Costa Rica, 1997- |o R0059 |t EDUCACIÓN: Revista de la Universidad de Costa Rica |g Vol.26, no.2 (2002) | |
| 942 | |h REVIS 06.02.01 |2 z |c 10 | ||
| 999 | |c 2805 |d 2805 | ||
